000 00857nam a2200229Ia 4500
003 GCL
008 140319s9999 xx 000 0 ara d
020 _a9265030975
040 _aGCL /
_cGCL
082 0 4 _a025.1794
_bم د
100 1 _aالمكتبة العلمية المركزية
245 1 0 _aدليل المصادر الميكروفيلمية بجامعة الاسكندرية /
_cالمكتبة العلمية المركزية
260 _aالقاهرة :
_bالمكتبة العلمية المركزية ،
_c2000
300 _a213 ص ؛
_c24 سم
490 _aسلسلة ادلة المعلومات
_v1
650 0 4 _aالميكروفيلم
650 0 4 _aالمصغرات الفيلمية
650 0 4 _aالمكتبات
650 0 4 _aالمكتبات - ادلة
650 0 4 _aالمكتبات - الاسكندرية
942 _2ddc
_cBK
999 _c7038
_d7038